[Event "BRA-ch Amateur"]
[Site "Sao Paulo"]
[Date "2013.02.09"]
[Round "1"]
[White "Sirahata Hasegava, Flavia"]
[Black "Rodrigo da Silva, Edson"]
[Result "0-1"]
[WhiteElo "1486"]
[BlackElo "2003"]
[PlyCount "126"]
[EventDate "2013.02.09"]
[EventType "swiss"]
[EventRounds "7"]
[EventCountry "BRA"]
[SourceTitle "CBM 152 Extra"]
[Source "ChessBase"]
[SourceDate "2013.02.25"]
[SourceVersion "1"]
[SourceVersionDate "2013.02.25"]
[SourceQuality "1"]

1. e4 e5 2. Nf3 Nc6 3. Bc4 Nf6 4. d3 d5 5. exd5 Nxd5 6. c3 Nb6 7. Bb3 Bf5 8. Bc2 Qd6 9. d4 Bxc2 10. Qxc2 exd4 11. Qe4+ Qe7 12. Qxe7+ Bxe7 13. Nxd4 Nxd4 14. cxd4 0-0-0 15. Be3 Bf6 16. 0-0 Bxd4 17. Bxd4 Rxd4 18. Nc3 c6 19. Rfe1 Rhd8 20. h3 Nd5 21. Nxd5 R8xd5 22. Re7 Rd1+ 23. Rxd1 Rxd1+ 24. Kh2 Rd7 25. Re2 Kc7 26. Kg3 c5 27. Kf3 b5 28. Rc2 Kc6 29. Ke4 c4 30. a4 a6 31. axb5+ axb5 32. b4 Ra7 33. Kd4 Ra4 34. Rb2 Ra3 35. h4 f5 36. h5 g6 37. hxg6 hxg6 38. f3 Kd6 39. Rd2 Rb3 40. f4 Rg3 41. Rd1 Rxg2 42. Kc3+ Kc6 43. Rb1 Rg4 44. Rf1 Rg3+ 45. Kc2 Kd5 46. Rd1+ Ke4 47. Rf1 Rb3 48. Rg1 Kxf4 49. Rxg6 Rxb4 50. Rg2 Rb3 51. Rf2+ Rf3 52. Rxf3+ Kxf3 53. Kc3 Ke3 54. Kb4 f4 55. Kxb5 c3 56. Kc4 c2 57. Kd5 c1Q 58. Kd6 Ke4 59. Ke7 Qc6 60. Kf7 Kf5 61. Ke7 Qc7+ 62. Kf8 Kf6 63. Ke8 Qc8# 0-1